| 000 | 00431nam a22001697a 4500 | ||
|---|---|---|---|
| 003 | CEME | ||
| 005 | 20210628205612.0 | ||
| 008 | 210127b xxu||||| |||| 00| 0 eng d | ||
| 040 | _c. | ||
| 082 | _a658.4 MUH | ||
| 100 |
_aLt Gen M.Attiqur Rahman _976209 |
||
| 245 | _aLeadership junior commanders | ||
| 260 |
_bARMY EDUCATION PRESS _c2004 |
||
| 300 | _a86P | ||
| 650 |
_aLEADERSHIP JUNIOR COMMANDERS _976210 |
||
| 942 |
_cBK _2ddc |
||
| 999 |
_c581613 _d581613 |
||